| 000 | 00723nam a22002537a 4500 | ||
|---|---|---|---|
| 005 | 20230512222236.0 | ||
| 008 | 180614t xxu||||| |||| 00| 0 eng d | ||
| 020 | _a0449300021 | ||
| 040 | _cCSPC | ||
| 082 | 0 | _bH874l | |
| 100 |
_aHugo, Victor _eauthor. |
||
| 245 | 0 | 0 |
_aLes Miserables _cVictor Hugo |
| 260 |
_aNew York: _bRandom House Publishing, _c1961. |
||
| 300 |
_ax, 400 pages: _c18 cm. |
||
| 365 | _bPhp. 285.00 | ||
| 650 | 1 | 0 |
_aEx-convicts _xFiction. |
| 650 | 1 | 0 |
_aOrphans _xFiction. |
| 650 | 1 | 0 |
_aManners and customs _xFiction. |
| 650 | 1 | 0 |
_aSocial condition. _xFiction. |
| 940 | _aLenie | ||
| 942 |
_cBOOK _jFIC H874l 1961 |
||
| 999 |
_c5270 _d5270 |
||